Datum a čas kvízu

29.5 Celkem bodů Celkový počet nahraných bodů na tomto kvízu bez doplňovacích otázek.
5. Pořadí na kvízu Konečné umístění týmu na tomto kvízu.

Zaznamenané odpovědi

# Otázka Odpověď Body Výsledky
1. Náš speciál na téma Hvězdných... D) Je občanská válka. 0
2. Na rozdíl od novějších dílů ne... Han Solo 1
3. Na obrázku vidíme scénu z šest... Mon Mothma 0
4. Na konci Návratu Jediů se císa... jako můj otec přede mnou. 1
5. Šestý díl skončil vítězstvím P... Wedge Antilles a Lando Calrissian 0
6. Jedie jistě není nutné předsta... padawan 1
7. Tento klonovaný voják právě př... Rozkaz 66, zabít všechny Jedie 0
8. Do nového kánonu bohužel zatím... Kyle Katarn 1
9. Sithové byli řádem stojícím v... Korriban (uznáváme i novější název Moraband) 1
10. Darth Bane byl jedním z Temnýc... o tzv. pravidlo dvou 0